000 01072nam a22002537a 4500
005 20170124103149.0
010 _aA-241142
020 _c30.00
035 _aA-241142
037 _bCen Lib/Ret
040 _aDPL
_bHN
082 _a821.08
_bमिश्रश्या
100 _aमिश्र, श्यामसुन्दर
_9130
245 _aअवधी के आधुनिक प्रमुख प्रबन्ध काव्य /
_cश्यामसुन्दर मिश्र
246 _aAvdhi ke adhunik pramukh prabandh kavye /
_bby Shyamsundar Mishra
260 _aलखनऊ
_bसुलभ प्रकाशन
_c1983
270 _a17, अशोक मार्ग
_bलखनऊ
300 _a147पृ.
_c20सेमी(सजिल्द)
650 _aहिन्दी -- काव्य
_9779
650 _aहिन्दी -- साहित्य
_987136
650 _aHindi - Poetry
_987137
650 _aHindi literature
_987138
942 _2ddc
_cHN
_h821.08
_mमिश्रश्या
999 _c119842
_d119842